Statistics for Neil Young Songs

Click here to take the quiz!

General Stats

  • This quiz has been taken 101 times
  • The average score is 48 of 241

Answer Stats

Answer% Correct
Harvest
88%
Old Man
83%
After the Gold Rush
80%
Heart of Gold
77%
Harvest Moon
74%
Cinnamon Girl
71%
Southern Man
71%
Comes a Time
68%
The Needle and
the Damage Done
67%
Hey Hey
65%
Tonight's the Night
65%
Tonight's the Night
(Part II)
65%
Down by the River
64%
Everybody Knows
This Is Nowhere
64%
My My, Hey Hey
(Out of the Blue)
62%
On the Beach
62%
Cowgirl in the Sand
61%
Cortez the Killer
59%
Rockin' in the
Free World
(Live acoustic)
59%
Rockin' in the
Free World (Electric)
59%
Alabama
56%
Like a Hurricane
55%
Time Fades Away
55%
A Man Needs a Maid
53%
Hey Hey, My My
(Into the Black)
50%
Pocahontas
50%
Only Love Can
Break Your Heart
48%
Powderfinger
48%
Cripple Creek Ferry
47%
L.A.
47%
Out on the Weekend
44%
Tell Me Why
42%
Ambulance Blues
41%
Don't Let It
Bring You Down
41%
From Hank to Hendrix
39%
Vampire Blues
39%
Birds
38%
This Note's For You
38%
Round & Round
(It Won't Be Long)
36%
Thrasher
36%
Words (Between
the Lines of Age)
36%
Are You Ready
for the Country?
35%
Ride My Llama
35%
See the Sky
About to Rain
35%
The Loner
35%
Unknown Legend
35%
For the Turnstiles
33%
Lotta Love
33%
Old Ways
33%
Sedan Delivery
33%
The Old
Laughing Lady
33%
Welfare Mothers
33%
Oh, Lonesome Me
32%
Four Strong Winds
30%
Sleeps with Angels
30%
The Last Trip to Tulsa
30%
Don't Cry
29%
Motorcycle Mama
29%
Walk On
29%
When You Dance
I Can Really Love
29%
Revolution Blues
27%
Sail Away
27%
Albuquerque
26%
Everybody's Rockin'
26%
F*!#in' Up
26%
Human Highway
26%
Transformer Man
26%
Borrowed Tune
24%
Don't Cry No Tears
24%
Downtown
24%
Hawks & Doves
24%
I Believe in You
24%
Barstool Blues
23%
Journey Through
The Past
23%
Motion Pictures
(For Carrie)
23%
1The Emperor
of Wyoming
23%
Till the Morning Comes
23%
Come on Baby
Let's Go Downtown
21%
Danger Bird
21%
Mellow My Mind
21%
Old King
21%
There's a World
21%
World on a String
21%
Don't Be Denied
20%
Little Wing
20%
Look Out for
My Love
20%
Roll Another Number
(For the Road)
20%
Lookout Joe
18%
Tired Eyes
18%
Captain Kennedy
17%
Crime in the City
(Sixty to Zero Part I)
17%
Eldorado
17%
Homegrown
17%
Natural Beauty
17%
Running Dry
(Requiem for
the Rockets)
17%
T-Bone
17%
If I Could Have
Her Tonight
15%
Like an Inca
15%
Lookin for a Love
15%
Love and Only Love
15%
Mr. Soul
15%
On Broadway
15%
Piece of Crap
15%
Stupid Girl
15%
Such a Woman
15%
The Losing End
(When You're On)
15%
Through My Sails
15%
Wrecking Ball
15%
Already One
14%
Change Your Mind
14%
Country Home
14%
Drive Back
14%
Driveby
14%
Last Dance
14%
New Mama
14%
Pardon My Heart
14%
Peace of Mind
14%
Prime of Life
14%
Speakin' Out
14%
Yonder Stands
the Sinner
14%
Bite the Bullet
12%
Farmer John
12%
Goin' Back
12%
Inca Queen
12%
I've Been
Waiting for You
12%
Love in Mind
12%
Mansion on the Hill
12%
One of These Days
12%
Safeway Cart
12%
The Bridge
12%
War of Man
12%
Comin' Apart at
Every Nail
11%
Computer Age
11%
Field of Opportunity
11%
Hangin' on a Limb
11%
Here We Are
in the Years
11%
Love to Burn
11%
Over and Over
11%
Saddle Up
the Palomino
11%
Southern Pacific
11%
Star of Bethlehem
11%
String Quartet from
Whiskey Boot Hill
11%
The Old
Country Waltz
11%
Too Far Gone
11%
White Line
11%
Will to Love
11%
Blue Eden
9%
Days That Used to Be
9%
Hey Babe
9%
Hippie Dream
9%
I'm the Ocean
9%
Mother Earth
(Natural Anthem)
9%
My Heart
9%
Peace and Love
9%
Sample and Hold
9%
Shots
9%
Ten Men Workin'
9%
Union Man
9%
You and Me
9%
A Dream That
Can Last
8%
Baby What You
Want Me to Do
8%
Cry, Cry, Cry
8%
Dreamin' Man
8%
Hold Back the Tears
8%
I've Loved Her So Long
8%
Loose Change
8%
Opera Star
8%
Prisoners of
Rock 'N' Roll
8%
Someday
8%
Song X
8%
The Old Homestead
8%
Train of Love
8%
Trans Am
8%
Western Hero
8%
When Your Lonely
Heart Breaks
8%
Act of Love
6%
Around the World
6%
Big Time
6%
Computer Cowboy
6%
Kinda Fonda Wanda
6%
Mideast Vacation
6%
The Ways of Love
6%
Wonderin'
6%
Are There Any More
Real Cowboys?
5%
Betty Lou's Got a
New Pair of Shoes
5%
Changing Highways
5%
Coupe de Ville
5%
Life in the City
5%
Lost in Space
5%
Married Man
5%
Motor City
5%
Music Arcade
5%
No More
5%
One Thing
5%
Pressure
5%
Scattered (Let's
Think About Livin')
5%
Slip Away
5%
Stayin' Power
5%
Surfer Joe and
Moe the Sleaze
5%
This Town
5%
Throw Your Hatred
Down
5%
Too Lonely
5%
Touch the Night
5%
Twilight
5%
What Did You Do
to My Life?
5%
Bound for Glory
3%
California Sunset
3%
Coastline
3%
Get Back on It
3%
Little Thing
Called Love
3%
Long Walk Home
3%
Payola Blues
3%
Rapid Transit
3%
Scenery
3%
Sunny Inside
3%
The Wayward Wind
3%
We R in Control
3%
Bad News Beat
2%
Big Green Country
2%
Bright Lights,
Big City
2%
Can't Believe
Your Lyin
2%
Cryin' Eyes
2%
Drifter
2%
Fallen Angel
2%
Get Back
to the Country
2%
Hard Luck Stories
2%
Hold On to
Your Love
2%
I Got a Problem
2%
Jellyroll Man
2%
Misfits
2%
My Boy
2%
Mystery Man
2%
Once an Angel
2%
People on the Street
2%
Rainin' in my Heart
2%
Truth Be Known
2%
Violent Side
2%
Weight of the World
2%
We Never Danced
2%
What Happened
Yesterday
2%
Where is the
Highway Tonight?
2%

Score Distribution

Percentile by Number Answered

Percent of People with Each Score

Your Score History

You have not taken this quiz